[Event "25.Schlosspark-Open"]
[Site "Wiesbaden-Biebrich"]
[Date "2013.08.25"]
[Round "6.52"]
[White "Achtmann, Armin"]
[Black "Siegismund, Florian"]
[Result "1-0"]
[WhiteElo "1963"]
[BlackElo "1813"]
[PlyCount "79"]
[EventDate "2013.??.??"]
[WhiteTeam "SAbt TuS Dotzheim"]
[BlackTeam "SK Bad Schwalbach"]

1. b4 e5 2. Bb2 f6 3. b5 d5 4. e3 Be6 5. Nf3 Bd6 6. Be2 Ne7 7. O-O O-O 8. d3 c6
9. c4 cxb5 10. cxb5 Nd7 11. Nbd2 Rc8 12. a4 Bf7 13. e4 d4 14. Nc4 Bb4 15. Qb1
Bc5 16. Nfd2 Nb6 17. Nxb6 Bxb6 18. Nc4 Bc5 19. Rc1 Rc7 20. Ba3 Bxa3 21. Rxa3
Bxc4 22. dxc4 Qd6 23. Qb3 Rc5 24. Qf3 Qe6 25. Qh5 Qf7 26. Qh3 Nc8 27. Bg4 Kh8
28. Be6 Qe8 29. Rg3 Nd6 30. Qg4 Qe7 31. Rh3 g6 32. Qxg6 Qg7 33. Bf5 Rf7 34. Qh5
Rxc4 35. Rxc4 Nxc4 36. Be6 Nd6 37. Bxf7 Nxf7 38. Qf5 Ng5 39. Rg3 Qc7 40. Qxf6+
1-0

[Event "25.Schlosspark-Open"]
[Site "Wiesbaden-Biebrich"]
[Date "2013.08.25"]
[Round "6.53"]
[White "Rump, Andreas"]
[Black "Traut, Stefan"]
[Result "1-0"]
[WhiteElo "1954"]
[BlackElo "1775"]
[PlyCount "73"]
[EventDate "2013.??.??"]
[WhiteTeam "SG Turm Idstein"]
[BlackTeam "Sfr. Heusenstamm"]

1. e4 c5 2. Nf3 d6 3. d4 cxd4 4. Nxd4 Nf6 5. Nc3 g6 6. Be2 Bg7 7. Be3 a6 8. h3
Bd7 9. Qd2 h6 10. O-O Nc6 11. Rad1 h5 12. f4 O-O 13. Nf3 b5 14. a3 Qc7 15. e5
Ne8 16. Nd5 Qb7 17. exd6 exd6 18. Nb6 Rd8 19. Nxd7 Rxd7 20. c3 Nf6 21. Ng5 Re8
22. Bf3 Qc7 23. Bf2 Bh6 24. Rfe1 Rxe1+ 25. Rxe1 Na5 26. Qc2 Re7 27. Rd1 Rd7 28.
Bd4 Bg7 29. f5 gxf5 30. Qxf5 Qd8 31. Bd5 Qe7 32. Bxf7+ Kf8 33. Be6 Rb7 34. Nh7+
Ke8 35. Bxf6 Bxf6 36. Nxf6+ Kd8 37. Nd5 1-0

[Event "25.Schlosspark-Open"]
[Site "Wiesbaden-Biebrich"]
[Date "2013.08.25"]
[Round "6.55"]
[White "Berger, Ewald"]
[Black "Klimshin, Ilia"]
[Result "1-0"]
[WhiteElo "1923"]
[BlackElo "1723"]
[PlyCount "57"]
[EventDate "2013.??.??"]
[WhiteTeam "vereinslos"]
[BlackTeam "vereinslos"]

1. c4 c5 2. Nc3 Nf6 3. g3 Nc6 4. Bg2 a6 5. Nf3 g6 6. O-O Bg7 7. d3 O-O 8. e4 d6
9. Bg5 h6 10. Bd2 Bd7 11. h3 Qc8 12. Kh2 Rb8 13. Nd5 Nxd5 14. exd5 Na7 15. Bc3
b5 16. Bxg7 Kxg7 17. Qd2 Qb7 18. b3 Nc8 19. d4 bxc4 20. dxc5 dxc5 21. bxc4 Nd6
22. Rae1 Rfe8 23. Ne5 Ba4 24. Re2 Qb4 25. Qd3 Nf5 26. Be4 Nd4 27. Bxg6 Nxe2 28.
Bxf7 Qb6 29. Be6 1-0

[Event "25.Schlosspark-Open"]
[Site "Wiesbaden-Biebrich"]
[Date "2013.08.25"]
[Round "6.56"]
[White "Böhmer, Thomas"]
[Black "Hoffmann, Jens"]
[Result "1/2-1/2"]
[WhiteElo "2056"]
[BlackElo "1655"]
[PlyCount "37"]
[EventDate "2013.??.??"]
[WhiteTeam "Wiesbadener SV 1885"]
[BlackTeam "SF HN-Biberach 1978 e.V."]

1. d4 Nf6 2. c4 g6 3. Nc3 d5 4. cxd5 Nxd5 5. e4 Nxc3 6. bxc3 Bg7 7. Bc4 O-O 8.
Ne2 c5 9. O-O Nc6 10. Be3 Qc7 11. Rc1 a6 12. Qd2 b5 13. Bd3 Rd8 14. f4 e6 15.
f5 exf5 16. exf5 Qd6 17. fxg6 hxg6 18. Be4 Ra7 19. Bf3 1/2-1/2

[Event "25.Schlosspark-Open"]
[Site "Wiesbaden-Biebrich"]
[Date "2013.08.25"]
[Round "6.57"]
[White "Tepe, Josef"]
[Black "Maleski, Heinz"]
[Result "1-0"]
[WhiteElo "2044"]
[BlackElo "1771"]
[PlyCount "53"]
[EventDate "2013.??.??"]
[WhiteTeam "SC Taunusstein 1966"]
[BlackTeam "SC Budenheim"]

1. d4 e6 2. e4 g6 3. Nc3 Bg7 4. Be3 Ne7 5. Qd2 d5 6. f3 dxe4 7. fxe4 O-O 8. h4
Nbc6 9. O-O-O f5 10. Nf3 fxe4 11. Nxe4 Nf5 12. Bg5 Qd5 13. Nc3 Qd7 14. Be3 Ng3
15. Rg1 Nxf1 16. Rgxf1 Ne7 17. g4 Nd5 18. Ne5 Bxe5 19. Rxf8+ Kxf8 20. dxe5 Nxe3
21. Qxe3 Qe7 22. h5 gxh5 23. gxh5 Kg8 24. Ne4 Kh8 25. Nf6 b6 26. Qe4 Rb8 27.
Rd8+ 1-0

[Event "25.Schlosspark-Open"]
[Site "Wiesbaden-Biebrich"]
[Date "2013.08.25"]
[Round "6.58"]
[White "Leidorf, Sebastian"]
[Black "Gnad, Gunnar"]
[Result "1/2-1/2"]
[WhiteElo "2037"]
[BlackElo "1755"]
[PlyCount "38"]
[EventDate "2013.??.??"]
[WhiteTeam "SV Bergwinkel"]
[BlackTeam "Gambit Bonneweg"]

1. c4 e5 2. g3 Nf6 3. Bg2 Be7 4. Nc3 c6 5. d4 d6 6. Nf3 Nbd7 7. O-O O-O 8. b3
Re8 9. Bb2 Qc7 10. Qd2 Nf8 11. Rfd1 Ng6 12. Rac1 Bf8 13. h3 h6 14. Qe3 Bd7 15.
dxe5 dxe5 16. Rd2 b6 17. Ne4 Nxe4 18. Qxe4 f5 19. Qc2 e4 1/2-1/2

[Event "25.Schlosspark-Open"]
[Site "Wiesbaden-Biebrich"]
[Date "2013.08.25"]
[Round "6.59"]
[White "Goebel, Knut"]
[Black "Braunberger, Gerald"]
[Result "1/2-1/2"]
[WhiteElo "1766"]
[BlackElo "1951"]
[PlyCount "92"]
[EventDate "2013.??.??"]
[WhiteTeam "SC Ober-Ramstadt"]
[BlackTeam "SK Bad Homburg 1927"]

1. d4 Nf6 2. Bg5 c5 3. Bxf6 gxf6 4. d5 d6 5. g3 Bg7 6. c3 O-O 7. Bg2 Nd7 8. Nd2
b5 9. Nh3 Ne5 10. O-O Ba6 11. Qc2 Qd7 12. Nf4 Bc8 13. Nf3 Qf5 14. Qxf5 Nxf3+
15. Bxf3 Bxf5 16. e4 Bd7 17. Bg2 Rab8 18. Nd3 a5 19. a3 Rfc8 20. Rab1 c4 21.
Nf4 b4 22. axb4 axb4 23. Ne2 f5 24. Bh3 Rc5 25. f3 Rcb5 26. Nd4 Bxd4+ 27. cxd4
c3 28. Rfc1 cxb2 29. Rxb2 b3 30. Bf1 Rb4 31. Rc7 R8b7 32. Rxb7 Rxb7 33. Kf2
fxe4 34. fxe4 Ba4 35. Be2 Kg7 36. Bd1 Kf8 37. Ke3 Ke8 38. Kd2 Kd8 39. Kc3 Rc7+
40. Kb4 Rc2 41. Ka3 f6 42. Rb1 Ra2+ 43. Kb4 Bd7 44. Bxb3 Rxh2 45. Re1 Rh5 46.
Ra1 Rh2 1/2-1/2

[Event "25.Schlosspark-Open"]
[Site "Wiesbaden-Biebrich"]
[Date "2013.08.25"]
[Round "6.60"]
[White "Wilke, Jörg"]
[Black "Wilke, Tabea"]
[Result "1-0"]
[WhiteElo "1926"]
[BlackElo "1749"]
[PlyCount "51"]
[EventDate "2013.??.??"]
[WhiteTeam "SC Matt im Park Ffm"]
[BlackTeam "SC 1979 Hattersheim"]

1. d4 d5 2. c4 e6 3. Nc3 Nf6 4. Bg5 Nbd7 5. e3 c6 6. c5 b6 7. b4 a5 8. a3 Be7
9. Bd3 e5 10. Nge2 e4 11. Bc2 O-O 12. O-O Ng4 13. Bf4 Bg5 14. h3 Bxf4 15. Nxf4
Nh6 16. Bb3 b5 17. Nfxd5 cxd5 18. Bxd5 axb4 19. Bxa8 bxc3 20. Bxe4 Nf6 21. Bc6
Ba6 22. Qb3 Qb8 23. Rfb1 b4 24. axb4 Bd3 25. Rc1 c2 26. Qxd3 1-0

[Event "25.Schlosspark-Open"]
[Site "Wiesbaden-Biebrich"]
[Date "2013.08.25"]
[Round "6.61"]
[White "Pade, Joachim"]
[Black "Fröhlich-Dill, Astrid"]
[Result "0-1"]
[WhiteElo "1754"]
[BlackElo "1904"]
[PlyCount "124"]
[EventDate "2013.??.??"]
[WhiteTeam "Sfr. Anderssen Wetzlar"]
[BlackTeam "SV 1920 Hofheim"]

1. e4 c5 2. Nf3 Nc6 3. Bb5 e6 4. O-O Nge7 5. c3 Qc7 6. d4 a6 7. Bxc6 Nxc6 8. d5
Ne5 9. b3 Nxf3+ 10. Qxf3 Bd6 11. h3 O-O 12. a4 f5 13. c4 b6 14. Nc3 Be5 15. Bd2
Bb7 16. Rae1 f4 17. Na2 Rf6 18. Nc1 Raf8 19. Nd3 Bd4 20. e5 Rf5 21. Kh2 g5 22.
Re2 Kg7 23. Qg4 h6 24. dxe6 dxe6 25. Ree1 h5 26. Nxf4 hxg4 27. Nxe6+ Kg6 28.
Nxc7 Bxf2 29. Re2 g3+ 30. Kh1 Bd4 31. Rxf5 Rxf5 32. Re1 Rf2 33. Be3 Bxg2+ 34.
Kg1 Bxe3 35. Rxe3 Bxh3 36. Rxg3 Rf1+ 37. Kh2 Bf5 38. Re3 g4 39. e6 Bxe6 40.
Rxe6+ Kf5 41. Rxb6 Rf2+ 42. Kg1 Rb2 43. Nxa6 Kf4 44. Nxc5 Kg3 45. Kf1 Kf3 46.
Rf6+ Ke3 47. Kg1 Kd4 48. Ne6+ Ke5 49. Rg6 Rxb3 50. Nf8 Kf4 51. a5 Kg3 52. Kf1
Rf3+ 53. Ke2 Rxf8 54. a6 Rf7 55. Rb6 Ra7 56. c5 Kh2 57. Kf1 Rf7+ 58. Ke2 Ra7
59. Rh6+ Kg2 60. Ke3 g3 61. Rb6 Kh2 62. c6 g2 0-1

[Event "25.Schlosspark-Open"]
[Site "Wiesbaden-Biebrich"]
[Date "2013.08.25"]
[Round "6.62"]
[White "Mehl, Ulrich"]
[Black "Paschmann, Stefan"]
[Result "1/2-1/2"]
[WhiteElo "1520"]
[BlackElo "1886"]
[PlyCount "45"]
[EventDate "2013.??.??"]
[WhiteTeam "SAbt TSG Nieder-Erlenbach 1888"]
[BlackTeam "Krefelder SK Turm 1851 e"]

1. d4 d5 2. c4 c6 3. cxd5 cxd5 4. Nf3 Nf6 5. Nc3 Nc6 6. Bg5 e6 7. e3 a6 8. Rc1
Be7 9. Bd3 O-O 10. O-O h6 11. Bh4 g5 12. Bg3 Nh5 13. Bb1 Nxg3 14. fxg3 f5 15.
g4 fxg4 16. Qd3 Rf5 17. Ne5 Nxe5 18. dxe5 Bc5 19. Rxf5 exf5 20. Nxd5 Qf8 21.
Nf6+ Kg7 22. b4 Bb6 23. Kf2 1/2-1/2

[Event "25.Schlosspark-Open"]
[Site "Wiesbaden-Biebrich"]
[Date "2013.08.25"]
[Round "6.63"]
[White "Thomele, Michael"]
[Black "Brandt, Michael"]
[Result "1-0"]
[WhiteElo "1882"]
[BlackElo "1758"]
[PlyCount "73"]
[EventDate "2013.??.??"]
[WhiteTeam "SC 1959 Obernau"]
[BlackTeam "Wiesbadener SV 1885"]

1. e4 c5 2. Nf3 Nc6 3. d4 cxd4 4. Nxd4 g6 5. Nc3 Bg7 6. Be3 Nf6 7. Qd2 O-O $1
8. O-O-O d6 9. f3 Bd7 10. h4 Nxd4 11. Bxd4 Nh5 12. Bxg7 Nxg7 13. Bc4 Be6 14.
Nd5 Rc8 15. Bb3 f5 16. Qg5 Rf7 17. h5 Bxd5 18. exd5 Rf6 19. hxg6 Rxg6 20. Qh4
h5 21. Rde1 Rc7 22. Re2 Kf8 23. Rhe1 Ke8 24. c3 a6 25. Qf4 b5 26. Bc2 Rf6 27.
Qh4 Kf8 28. Qg5 a5 29. g4 hxg4 30. Rh2 Kf7 31. fxg4 Rg6 32. Qe3 Qc8 33. gxf5
Nxf5 34. Bxf5 Qxf5 35. Rf2 Rf6 36. Rxf5 Rxf5 37. Qe6+ 1-0

[Event "25.Schlosspark-Open"]
[Site "Wiesbaden-Biebrich"]
[Date "2013.08.25"]
[Round "6.64"]
[White "Lukas, Sebastian"]
[Black "Triantafillidis, Zoe"]
[Result "1-0"]
[WhiteElo "1872"]
[BlackElo "1691"]
[PlyCount "53"]
[EventDate "2013.??.??"]
[WhiteTeam "SC 1979 Hattersheim"]
[BlackTeam "SF HN-Biberach 1978 e.V."]

1. e4 c6 2. d4 d5 3. exd5 cxd5 4. Bd3 Nc6 5. c3 Nf6 6. Bf4 e6 7. Nd2 Bd6 8.
Bxd6 Qxd6 9. Ngf3 O-O 10. O-O Re8 11. Re1 h6 12. Ne5 Nd7 13. Nxd7 Bxd7 14. Nf3
Rac8 15. Bc2 Qe7 16. Qd3 Qf6 17. Re3 g6 18. b4 a5 19. bxa5 Nxa5 20. Ne5 Qe7 21.
Rg3 f5 22. Rxg6+ Kh7 23. Qh3 Kh8 24. Rxh6+ Kg8 25. Rh8+ Kg7 26. Qh7+ Kf6 27.
Qg6# 1-0

[Event "25.Schlosspark-Open"]
[Site "Wiesbaden-Biebrich"]
[Date "2013.08.25"]
[Round "6.65"]
[White "Budde, Michael"]
[Black "Diehl, Stefan"]
[Result "1-0"]
[WhiteElo "1845"]
[BlackElo "1699"]
[PlyCount "115"]
[EventDate "2013.??.??"]
[WhiteTeam "SC 1979 Hattersheim"]
[BlackTeam "SC 1910 Höchst"]

1. d4 d5 2. Nf3 e6 3. Bf4 Bd6 4. Bg3 Nf6 5. e3 O-O 6. Bd3 Ne4 7. Nbd2 f5 8. Ne5
Nd7 9. Ndf3 Qe8 10. Nxd7 Bxd7 11. Be5 Qh5 12. Be2 Qg6 13. Rg1 Bb4+ 14. Kf1 Bd6
15. g3 Qh6 16. h4 Be8 17. Bf4 Bxf4 18. exf4 Qf6 19. Ne5 Qe7 20. f3 Nf6 21. c3
c5 22. Qd2 Nd7 23. Rh1 Rc8 24. Kf2 cxd4 25. cxd4 Nb6 26. b3 Nd7 27. Rac1 Rxc1
28. Rxc1 Nb8 29. Qa5 Nc6 30. Nxc6 Bxc6 31. Qxa7 Qb4 32. Qc5 Qxc5 33. Rxc5 Ra8
34. a4 Kf8 35. Ke3 Be8 36. Bb5 b6 37. Rc7 Bxb5 38. axb5 Ra5 39. Kd3 Rxb5 40.
Kc3 Ra5 41. Kb4 Ra1 42. Rc6 Kf7 43. Rxb6 Rd1 44. Kc5 Rc1+ 45. Kd6 Rd1 46. Rb7+
Kf6 47. Re7 Rxd4 48. Rxe6+ Kf7 49. Re5 Rd3 50. b4 Rb3 51. Kc5 d4 52. Rxf5+ Ke6
53. Re5+ Kf6 54. Rd5 Rxf3 55. Rxd4 Rxg3 56. b5 Rc3+ 57. Rc4 Rd3 58. b6 1-0

[Event "25.Schlosspark-Open"]
[Site "Wiesbaden-Biebrich"]
[Date "2013.08.25"]
[Round "6.66"]
[White "Liez, Franziska"]
[Black "Hill, Michael"]
[Result "1/2-1/2"]
[WhiteElo "1841"]
[BlackElo "1621"]
[PlyCount "67"]
[EventDate "2013.??.??"]
[WhiteTeam "Biebertaler SF"]
[BlackTeam "Wiesbadener SV 1885"]

1. e4 c6 2. d4 d5 3. exd5 cxd5 4. Bd3 Nf6 5. c3 Nc6 6. Bf4 Bg4 7. f3 Bh5 8. Ne2
e6 9. Qb3 Qc8 10. O-O Be7 11. Nd2 O-O 12. Rfe1 Bg6 13. Bxg6 fxg6 14. Ng3 Qd7
15. Bg5 Rac8 16. Re2 Na5 17. Qd1 Bd6 18. Qe1 h6 19. Bxf6 Rxf6 20. Nb3 Nc4 21.
Nf1 Qf7 22. Ne3 Nxe3 23. Rxe3 b6 24. Nc1 Re8 25. Nd3 Rf5 26. Qe2 Bf4 27. Nxf4
Rxf4 28. Re1 Rf6 29. Re5 Qd7 30. a3 Kf7 31. Rf1 Kg8 32. Qd3 Ref8 33. Rfe1 Re8
34. Qe2 1/2-1/2

[Event "25.Schlosspark-Open"]
[Site "Wiesbaden-Biebrich"]
[Date "2013.08.25"]
[Round "6.67"]
[White "Goldschmidt, Andreas"]
[Black "Spinnler, Wolfgang"]
[Result "1-0"]
[WhiteElo "1836"]
[BlackElo "1683"]
[PlyCount "39"]
[EventDate "2013.??.??"]
[WhiteTeam "SC 1953 Ronneburg"]
[BlackTeam "SC Landskrone"]

1. e4 d5 2. exd5 Qxd5 3. Nc3 Qd6 4. d4 Nf6 5. Nf3 a6 6. Bc4 Bg4 7. Bxf7+ Kxf7
8. Ne5+ Kg8 9. Nxg4 Qe6+ 10. Ne3 g6 11. O-O Bg7 12. Re1 Qd7 13. Ne2 Kf7 14. c3
c6 15. Nc4 Qc7 16. Ne5+ Kf8 17. Nf4 Qd6 18. Qb3 Nd5 19. Qxb7 Nc7 20. Qc8+ 1-0

[Event "25.Schlosspark-Open"]
[Site "Wiesbaden-Biebrich"]
[Date "2013.08.25"]
[Round "6.68"]
[White "Mütsch, Annmarie"]
[Black "Koch, Thomas"]
[Result "0-1"]
[WhiteElo "1277"]
[BlackElo "1836"]
[PlyCount "82"]
[EventDate "2013.??.??"]
[WhiteTeam "SF HN-Biberach 1978 e.V."]
[BlackTeam "SV 1934 Ffm-Griesheim"]

1. e4 e6 2. d4 d5 3. e5 c5 4. c3 Nc6 5. Nf3 Qb6 6. Bd3 cxd4 7. cxd4 Be7 8. O-O
Bd7 9. Bc2 Nb4 10. Bb3 Bb5 11. Re1 Nd3 12. Re3 Rc8 13. Nc3 Nxc1 14. Nxb5 Nxb3
15. Rxb3 Qa5 16. Qd3 Nh6 17. Nc3 Rc7 18. Qb5+ Qxb5 19. Nxb5 Rc4 20. Nxa7 Rc7
21. h3 Kd7 22. Nb5 Rc6 23. Nd6 b6 24. Nb5 Ra8 25. a3 f5 26. Nc3 Nf7 27. Rb5 Nd8
28. a4 Nb7 29. b4 Rxc3 30. Rxb6 Nd8 31. a5 Rc6 32. Rb5 Raa6 33. Nd2 Rc7 34. Nb3
Nc6 35. Nc5+ Bxc5 36. dxc5 Nxe5 37. Rb6 Ra8 38. a6 Nc4 39. Rb5 Kc6 40. Rba5
Nxa5 41. Rxa5 Rca7 0-1

[Event "25.Schlosspark-Open"]
[Site "Wiesbaden-Biebrich"]
[Date "2013.08.25"]
[Round "6.69"]
[White "Gießelbach, Christian"]
[Black "Meaubert, Thomas"]
[Result "0-1"]
[WhiteElo "1061"]
[BlackElo "1834"]
[PlyCount "58"]
[EventDate "2013.??.??"]
[WhiteTeam "SAbt TuS Dotzheim"]
[BlackTeam "Sfr. Hochheim"]

1. d4 e6 2. c4 c5 3. Nf3 Nf6 4. g3 cxd4 5. Nxd4 Nc6 6. Nxc6 bxc6 7. Bg2 d5 8.
O-O Be7 9. Nd2 Bb7 10. b3 O-O 11. Bb2 Nd7 12. Qc2 f5 13. cxd5 cxd5 14. Nf3 Rc8
15. Qd2 Bf6 16. Nd4 Re8 17. Rac1 Qb6 18. Rxc8 Rxc8 19. Qe3 Kf7 20. Rd1 a6 21.
f4 Qd6 22. Kf2 Nb8 23. h3 g6 24. g4 Nc6 25. gxf5 gxf5 26. Nxf5 exf5 27. Bxd5+
Kf8 28. Bxf6 Qxf6 29. Qc5+ Ne7 0-1

[Event "25.Schlosspark-Open"]
[Site "Wiesbaden-Biebrich"]
[Date "2013.08.25"]
[Round "6.70"]
[White "Zeyen, Helmut"]
[Black "Binfet, Daniel"]
[Result "1/2-1/2"]
[WhiteElo "1808"]
[BlackElo "1670"]
[PlyCount "67"]
[EventDate "2013.??.??"]
[WhiteTeam "Wiesbadener SV 1885"]
[BlackTeam "TuS Makkabi Wiesbaden"]

1. e4 c5 2. Nc3 Nc6 3. f4 d6 4. Bb5 e6 5. Bxc6+ bxc6 6. Nf3 d5 7. e5 Nh6 8. O-O
Be7 9. d3 O-O 10. b3 f6 11. Ne2 fxe5 12. Nxe5 Bf6 13. Bd2 Qc7 14. Kh1 Nf7 15.
Nxf7 Bxa1 16. Nh6+ gxh6 17. Qxa1 e5 18. fxe5 Rxf1+ 19. Qxf1 Qxe5 20. Bxh6 Bg4
21. Ng1 Re8 22. h3 Bh5 23. Qf2 d4 24. a3 Qd6 25. Qd2 Kh8 26. Qg5 Qe5 27. Bg7+
Qxg7 28. Qxh5 Qe5 29. Qf3 Qd5 30. Qf6+ Kg8 31. Qf4 Rf8 32. Qg4+ Kh8 33. Nf3 h5
34. Qg6 1/2-1/2

[Event "25.Schlosspark-Open"]
[Site "Wiesbaden-Biebrich"]
[Date "2013.08.25"]
[Round "6.72"]
[White "Eg, Karlheinz"]
[Black "Reinisch, Markus"]
[Result "1-0"]
[WhiteElo "1999"]
[BlackElo "1040"]
[PlyCount "62"]
[EventDate "2013.??.??"]
[WhiteTeam "SV Rüsselsheim 1929"]
[BlackTeam "Wiesbadener SV 1885"]

1. e4 e5 2. Nf3 Nf6 3. Nxe5 d6 4. Nf3 Nxe4 5. d3 Nf6 6. d4 Be7 7. Be2 O-O 8. c4
d5 9. Nc3 h6 10. Ne5 Be6 11. O-O Nbd7 12. f4 Nxe5 13. dxe5 Bc5+ 14. Kh1 Ne4 15.
Nxe4 dxe4 16. Qe1 Qd4 17. Bd2 Qxb2 18. f5 Bd7 19. Bc3 Qb6 20. Qg3 g5 21. Rab1
Qc6 22. e6 Bd6 23. Qh3 Kh7 24. exd7 Qxd7 25. Rbd1 Qc6 26. f6 Rae8 27. Bg4 Rg8
28. Bf5+ Rg6 29. Bd7 Qb6 30. Bxe8 g4 31. Qh5 Rg5 1-0

[Event "25.Schlosspark-Open"]
[Site "Wiesbaden-Biebrich"]
[Date "2013.08.25"]
[Round "6.73"]
[White "Bangert, Udo"]
[Black "Lessmann, Sven"]
[Result "1/2-1/2"]
[WhiteElo "1895"]
[BlackElo "1697"]
[PlyCount "63"]
[EventDate "2013.??.??"]
[WhiteTeam "SG Stern Stuttgart"]
[BlackTeam "SC Bad Soden"]

1. e4 d6 2. d4 Nf6 3. Nd2 g6 4. b3 Bg7 5. Bb2 O-O 6. Be2 c6 7. c4 Nbd7 8. e5
dxe5 9. dxe5 Ne8 10. f4 Nc5 11. Ndf3 Qa5+ 12. Qd2 Qb6 13. Bd4 Bf5 14. b4 Ne4
15. Bxb6 Nxd2 16. Bc5 Ne4 17. Bxe7 Nc7 18. Bxf8 Bxf8 19. a3 a5 20. b5 cxb5 21.
Nd2 Nc3 22. Ngf3 Bc5 23. cxb5 N7xb5 24. Bxb5 Nxb5 25. Nc4 Bd3 26. Nfd2 Nd4 27.
Rc1 b5 28. Nb2 Nc2+ 29. Kd1 Ne3+ 30. Ke1 Nxg2+ 31. Kd1 Ne3+ 32. Ke1 1/2-1/2

[Event "25.Schlosspark-Open"]
[Site "Wiesbaden-Biebrich"]
[Date "2013.08.25"]
[Round "6.74"]
[White "Rosmanitz, Anna"]
[Black "Kiechl, Stefan"]
[Result "0-1"]
[WhiteElo "1615"]
[BlackElo "1876"]
[PlyCount "66"]
[EventDate "2013.??.??"]
[WhiteTeam "SC 1979 Hattersheim"]
[BlackTeam "SK Kriegshaber"]

1. e4 d5 2. exd5 Nf6 3. Bc4 Bg4 4. Nf3 Nxd5 5. Nc3 e6 6. Nxd5 exd5 7. Qe2+ Be7
8. Bb3 O-O 9. d4 Bf6 10. Be3 c6 11. O-O-O b5 12. h3 Bf5 13. g4 Be4 14. Rhg1 Nd7
15. Nd2 Re8 16. f3 Bg6 17. c3 b4 18. Qf2 bxc3 19. bxc3 Qa5 20. Nb1 Bxb1 21.
Kxb1 Qxc3 22. Qd2 Qxe3 23. Qc2 Bxd4 24. Rgf1 Qc3 25. Qxc3 Bxc3 26. Rc1 d4 27.
Rfd1 Nf6 28. Ba4 Rab8+ 29. Bb3 a5 30. Kc2 Nd5 31. Kd3 Rb4 32. Bxd5 cxd5 33. Rb1
g6 0-1

[Event "25.Schlosspark-Open"]
[Site "Wiesbaden-Biebrich"]
[Date "2013.08.25"]
[Round "6.75"]
[White "Triantafillidis, Dimitrios"]
[Black "Krischak, Werner"]
[Result "0-1"]
[WhiteElo "1660"]
[BlackElo "1776"]
[PlyCount "40"]
[EventDate "2013.??.??"]
[WhiteTeam "SF HN-Biberach 1978 e.V."]
[BlackTeam "SK Marburg 1931/72"]

1. e4 c6 2. Nc3 d5 3. Nf3 Bg4 4. h3 Bh5 5. d4 e6 6. Bf4 Bb4 7. exd5 cxd5 8. Be2
Nc6 9. Qd2 Qb6 10. Rd1 Nf6 11. O-O O-O 12. Qe3 Rac8 13. a3 Be7 14. b4 a5 15. b5
Nb8 16. a4 Bb4 17. Bxb8 Rxc3 18. Qf4 Bxf3 19. gxf3 Nd7 20. Be5 f6 0-1

[Event "25.Schlosspark-Open"]
[Site "Wiesbaden-Biebrich"]
[Date "2013.08.25"]
[Round "6.76"]
[White "Roth, Michael"]
[Black "Breitbach, Stephan"]
[Result "1-0"]
[WhiteElo "1607"]
[BlackElo "1741"]
[PlyCount "51"]
[EventDate "2013.??.??"]
[WhiteTeam "SC Lerchenberg/ZMO"]
[BlackTeam "SC 1961 König Nied"]

1. e4 e5 2. Nf3 Nc6 3. Bc4 Bc5 4. c3 Nf6 5. Ng5 O-O 6. Bb3 d5 7. exd5 Nxd5 8.
Ne4 Bb6 9. d3 Nf6 10. Bg5 Bf5 11. Bxf6 gxf6 12. Qf3 Bxe4 13. Qxe4 Na5 14. Bc2
c5 15. d4 Re8 16. d5 Kf8 17. c4 Qd7 18. Nc3 f5 19. Qh4 e4 20. Ba4 Qd8 21. Qh6+
Kg8 22. g4 Rf8 23. gxf5 Kh8 24. Nxe4 Rg8 25. O-O-O Bc7 26. d6 1-0

[Event "25.Schlosspark-Open"]
[Site "Wiesbaden-Biebrich"]
[Date "2013.08.25"]
[Round "6.77"]
[White "Löster, Mario"]
[Black "Bratmann, Marc"]
[Result "1-0"]
[WhiteElo "1431"]
[BlackElo "1730"]
[PlyCount "71"]
[EventDate "2013.??.??"]
[WhiteTeam "FC 1934 Wiesbaden-Bierstadt"]
[BlackTeam "SAbt TuS Dotzheim"]

1. e4 c6 2. Nf3 d5 3. exd5 cxd5 4. d4 Nc6 5. Nc3 Nf6 6. h3 a6 7. Bd3 e6 8. a3
b5 9. O-O Be7 10. Re1 O-O 11. Ne5 Qc7 12. Bf4 Bd6 13. Nxc6 Bxf4 14. Ne5 Bh6 15.
Qf3 Bb7 16. Rad1 Qa5 17. h4 Ne4 18. Nxe4 dxe4 19. Bxe4 Bxe4 20. Rxe4 g6 21. g4
Qc7 22. g5 Bg7 23. c3 Rad8 24. Re2 Rd5 25. Ng4 Rf5 26. Qg3 Qc6 27. f4 Qd6 28.
Rf1 b4 29. axb4 Rb5 30. Ne5 Rc8 31. Rh2 Kf8 32. h5 Ke7 33. h6 Bf8 34. Ng4 Rxg5
35. Qh4 f6 36. fxg5 1-0

[Event "25.Schlosspark-Open"]
[Site "Wiesbaden-Biebrich"]
[Date "2013.08.25"]
[Round "6.78"]
[White "Günther, Rainer"]
[Black "Troeger, Beate"]
[Result "1-0"]
[WhiteElo "1707"]
[BlackElo "1339"]
[PlyCount "61"]
[EventDate "2013.??.??"]
[WhiteTeam "SV Mainz-Mombach"]
[BlackTeam "Vorw.Orient Mainz"]

1. e4 c5 2. Nf3 d6 3. d4 Nd7 4. Be2 Ngf6 5. Nc3 e6 6. O-O Be7 7. Re1 a6 8. a4
b6 9. d5 Bb7 10. dxe6 fxe6 11. Ng5 Nf8 12. Bc4 Qd7 13. Bf4 h6 14. Nf3 g5 15.
Bg3 e5 16. Qd2 O-O-O 17. Qe2 Ne6 18. Bxa6 g4 19. Bxb7+ Qxb7 20. Nh4 Nd4 21. Qd3
Rhg8 22. Nb5 Nxb5 23. axb5 Nh5 24. Ra6 Nxg3 25. hxg3 Bxh4 26. gxh4 d5 27. Qa3
d4 28. Ra8+ Kc7 29. Ra7 Ra8 30. Rxb7+ Kxb7 31. Qb3 1-0

[Event "25.Schlosspark-Open"]
[Site "Wiesbaden-Biebrich"]
[Date "2013.08.25"]
[Round "6.79"]
[White "Gelfenbaum, Daniel"]
[Black "Klebs, Sebastian"]
[Result "1/2-1/2"]
[WhiteElo "1332"]
[BlackElo "1707"]
[PlyCount "51"]
[EventDate "2013.??.??"]
[WhiteTeam "SAbt TuS Makkabi Ffm"]
[BlackTeam "vereinslos"]

1. e4 c5 2. Nf3 e6 3. d4 cxd4 4. Nxd4 a6 5. Nc3 Qc7 6. Bd3 Nf6 7. O-O b5 8. a3
Bb7 9. Qe2 d6 10. f4 Nbd7 11. Bd2 Nc5 12. Rad1 Nxd3 13. cxd3 Be7 14. Rc1 Qd8
15. Nd1 Rc8 16. Nf2 O-O 17. Rxc8 Qxc8 18. Rc1 Qd7 19. Be3 Rc8 20. Rxc8+ Qxc8
21. Qc2 Qxc2 22. Nxc2 Kf8 23. Kf1 Ke8 24. Ke2 h5 25. h4 Nd7 26. g3 1/2-1/2

[Event "25.Schlosspark-Open"]
[Site "Wiesbaden-Biebrich"]
[Date "2013.08.25"]
[Round "6.80"]
[White "Diener, Carolin Valeria"]
[Black "Lehmann, Wolfgang"]
[Result "1/2-1/2"]
[WhiteElo "1700"]
[BlackElo "1482"]
[PlyCount "117"]
[EventDate "2013.??.??"]
[WhiteTeam "Sfr.1891 Friedberg"]
[BlackTeam "Wiesbadener SV 1885"]

1. e4 c6 2. d4 d5 3. exd5 cxd5 4. Bd3 Nf6 5. h3 e6 6. Nf3 Nc6 7. Nc3 a6 8. a4
Be7 9. O-O O-O 10. Re1 Re8 11. Bf1 Bd7 12. Nh2 Bd6 13. f4 Qb6 14. Nf3 Qc7 15.
Ne5 Qb6 16. Nxc6 Bxc6 17. Kh1 Qc7 18. Qf3 Rab8 19. Bd3 Qd7 20. Bd2 Bb4 21. a5
Rbc8 22. Nb1 Bxd2 23. Nxd2 Bb5 24. g4 Bxd3 25. Qxd3 Qc7 26. c3 Qxf4 27. Rf1 Qh6
28. Rg1 Ne4 29. Nxe4 dxe4 30. Qg3 f5 31. Rgf1 Rf8 32. gxf5 exf5 33. Kh2 f4 34.
Qg4 f3 35. Rfd1 Rce8 36. d5 Qd6+ 37. Kh1 f2 38. Kg2 e3 39. Qe2 Qg6+ 40. Kh2
Qd6+ 41. Kg2 Re5 42. Kh1 Qd7 43. Kh2 Qd6 44. Kh1 Rxd5 45. Rxd5 Qxd5+ 46. Kh2
Qd2 47. Qxd2 exd2 48. Kg2 h5 49. b4 g5 50. c4 g4 51. hxg4 hxg4 52. b5 axb5 53.
cxb5 g3 54. a6 bxa6 55. bxa6 Ra8 56. Kxg3 Kg7 57. Kxf2 Rxa6 58. Rd1 Ra2 59. Ke2
1/2-1/2